Dítě prachu / (Záznam č. 34257)
| 000 -Návěští | |
|---|---|
| Řídící pole kódované 24B | 02116nam a2200337 i 4500 |
| 001 - Kontrolní číslo | |
| Řídící pole proměnné | nkc20243606738 |
| 003 - Identifikátor kontrolního čísla | |
| Řídící pole proměnné | CZ PrSKC |
| 005 - Datum posledního zpracování | |
| Řídící pole 16B | 20260507091159.0 |
| 007 - Pole pevné délky pro fyzický popis | |
| Řídící pole kódované | ta |
| 008 - Údaje pevné délky | |
| Řídící pole kódované 40B | 240517s2024 xr g 000 f cze |
| 020 ## - ISBN | |
| ISBN | 9788076893825 |
| 040 ## - Zdroj katalogizace-agentura | |
| Agentura původní katalogizace | ABG001 |
| Jazyk katalogizace | cze |
| Použitá pravidla popisu | rda |
| 041 1# - Kód jazyka | |
| Kód jazyka textu/zvuku, mezititulků | cze |
| Kód jazyka originálu | eng |
| 072 #7 - Kód předmětové kategorie - Konspekt | |
| Předmětová kategorie | 821.111-3 |
| Zpřesnění předmětové kategorie | Anglická próza, anglicky psaná |
| Zdroj předmětové klasifikace | Konspekt |
| 080 ## - MDT | |
| Klasifikační znak MDT | 821.111-31 |
| Idetifikátor vydání MDT | MRF |
| 080 ## - MDT | |
| Klasifikační znak MDT | (0:82-311.6) |
| Idetifikátor vydání MDT | MRF |
| 100 1# - Hlavní záhlaví - osobní jméno autora | |
| Osobní jméno | Nguyễn, Phan Quế Mai, |
| Datumy související se jménem | 1973- |
| Kód role | aut |
| 9 (RLIN) | 18574 |
| 240 10 - Unifikovaný název | |
| Unifikovaný název | <a href="Dust child.">Dust child.</a> |
| Jazyk díla | Česky |
| 245 10 - Údaje o názvu | |
| Název | Dítě prachu / |
| Údaj o odpovědností, atd. | Nguyễn Phan Quế Mai ; z anglického originálu Dust child ... přeložila Bronislava Grygová |
| 250 ## - Údaje o vydání | |
| Označení vydání | První vydání |
| 264 #1 - Nakladatelské údaje | |
| Místo vydání | V Brně : |
| Nakladatel | Jota, |
| Rok vydání | 2024 |
| 300 ## - Fyzický popis | |
| Rozsah | 302 stran ; |
| Rozměry | 22 cm |
| 520 2# - Anotace | |
| Anotace, atd. | Příběh o rodinných tajemstvích, potlačovaných traumatech i nekonečné síle odpuštění, který začíná během války ve Vietnamu a pokračuje i mnoho let poté. |
| Rozšířený text anotace | Roku 1969 se sestry Trang a Quynh rozhodnou odejít z rodné vesnice za prací do Saigonu, aby pomohly rodičům splatit dluhy. Zaměstnat se nechají v baru, kde mají flirtovat s americkými vojáky (a sem tam i něco víc) a přimět je co nejvíce utrácet. Netrvá to dlouho a stydlivá Trang se bezhlavě zamiluje do mladého a okouzlujícího pilota vrtulníku Dana. Krutá doba však jejich lásce nepřeje. O několik desetiletí později se Dan vrací do Vietnamu se svou manželkou Lindou. Doufá, že si tak zahojí staré rány a vyřeší i svá tajemství z minulosti. Ve stejné době se Phong, syn afroamerického vojáka a Vietnamky, snaží se svou ženou a dvěma dětmi dostat do USA, kde by rád rodině zajistil lepší život. Sám vyrůstal v sirotčinci, na nějž nemá právě dobré vzpomínky. Byl přece synem nepřítele. Dítětem prachu. Nakladatelská anotace. Kráceno. |
| 655 #7 - Rejstříkový termín - žánr/forma | |
| Žánr/forma či základní termín | anglicky psané romány |
| -- | 1502 |
| 655 #7 - Rejstříkový termín - žánr/forma | |
| Žánr/forma či základní termín | historické romány |
| 655 #9 - Rejstříkový termín - žánr/forma | |
| Žánr/forma či základní termín | fiction in English |
| -- | 2500 |
| 655 #9 - Rejstříkový termín - žánr/forma | |
| Žánr/forma či základní termín | historical novels |
| 700 1# - Vedlejší záhlaví - osobní jméno autora | |
| Osobní jméno | Grygová, Bronislava, |
| Datumy související se jménem | 1959- |
| Kód role | trl |
| 9 (RLIN) | 7352 |
| 910 ## - Údaje o vlastníkovi jednotky (exempláře) | |
| Sigla vlastníka jednotky | ABG508 |
| Stav ztráty | Zdroj klasifikace pro skladování | Stav poškození |
|---|---|---|
| Universal Decimal Classification |